Stiller aus Damme im Kreis Rawitsch (Provinz Posen)
| Titel: | Stiller aus Damme im Kreis Rawitsch (Provinz Posen) / Erich Quester |
|---|---|
| Verfasser: | |
| In: |
Archiv ostdeutscher Familienforscher, Band 24 (2016 [2017]), Seite 29-31 alle Artikel anzeigen |
| Veröffentlicht: | 2017 |
| Format: | Aufsatz |
| Sprache: | Deutsch |
X
alg: 46618087 001A $03025:01-07-20 001B $01999:01-07-20 $t23:03:53.000 001D $03025:01-07-20 001U $0utf8 001X $00 002@ $0Aou 002C $aText $btxt $2rdacontent 002D $aohne Hilfsmittel zu benutzen $bn $2rdamedia 002E $aBand $bnc $2rdacarrier 003@ $046618087X 007A $046618087X $aHEB 010@ $ager 010E $erda 011@ $a2016 $n2017 021A $aStiller aus Damme im Kreis Rawitsch (Provinz Posen) $hErich Quester 028A $BZusammenstellender $4com $8Quester, Erich$Z1921- [Tp3] $9458139513 031A $d24 $h29-31 $j2016 [2017] 039B $aEnthalten in $8--Abvc--. Archiv ostdeutscher Familienforscher. - Herne : Arbeitsgem. Ostdt. Familienforscher, 1952-. - ISSN 0003-9470 $x201600000240000971 $904747002X 044K $8$PStiller$lFamilie : 19. Jh.- : Rawicz [Tp1] $9466181906 044K $8De̜bno Polskie$gRawicz [Tg3] $9466181477 044K $RHistorische Hilfswissenschaften $RAbstammung $RLineage $RGenealoge $#Genealogy $#Généalogie $#Genealogie $#Ahnenforschung $#Ahnenkunde $#Familienforschung Genealogie $#Familiengeschichte Genealogie $#Familienkunde $#Historische Familienforschung $#Sippenkunde $#Abstammung Genealogie $#Herkunft Genealogie $74020097-8 $8Genealogie [Ts1] $9085048054 045F $a929.09438490904 $eDDC23BSB 045F/01 $a929 045F/03 $f09034 045F/03 $f0904 045F/03 $g43849 045R $aGeschichte 1831-2012 045T $a8,1 lok: 46618087 78 exp: 46618087 78 1 #EPN 201B/01 $001-07-20 $t09:33:38.000 201C/01 $001-07-20 201U/01 $0utf8 203@/01 $0111377584X 208@/01 $a01-07-20 $be 209A/01 $a/ $f000 $x00 209A/01 $ab*p $x01 220C/01 $apgar 244Z/01 $#Wielkopolska $#Polonia Maior $#Greater Poland $#Velkopolsko $#Grande-Pologne $#Nagy-Lengyelország $74223407-4 $8--Tg1--Großpolen $x01 $9086156667 247C/01 $82080>Marburg/Lahn, Herder-Institut, Forschungsbibliothek, Bibliographieportal $9336309341
| LEADER | 00000caa a2200000 c 4500 | ||
|---|---|---|---|
| 001 | 46618087X | ||
| 003 | DE-603 | ||
| 005 | 20200701230353.0 | ||
| 007 | tu | ||
| 008 | 200701s2016 xx |||| | u00||u|ger c | ||
| 035 | |a (DE-599)HEB46618087X | ||
| 040 | |a DE-603 |b ger |c DE-603 |d DE-603 |e rda | ||
| 041 | |a ger | ||
| 082 | 0 | 4 | |8 1\u |a 929.09438490904 |q DE-101 |2 23/BSB |
| 084 | |a 8,1 |2 ssgn | ||
| 085 | |8 1\u |b 929 | ||
| 085 | |8 1\u |z 1 |s 09034 | ||
| 085 | |8 1\u |z 1 |s 0904 | ||
| 085 | |8 1\u |z 2 |s 43849 | ||
| 100 | 1 | |a Quester, Erich |d 1921- |e Zusammenstellender |4 com |0 (DE-603)458139513 |0 (DE-588)1203665830 |2 gnd | |
| 245 | 0 | 0 | |a Stiller aus Damme im Kreis Rawitsch (Provinz Posen) |c Erich Quester |
| 264 | 0 | |c 2017 | |
| 336 | |a Text |b txt |2 rdacontent | ||
| 337 | |a ohne Hilfsmittel zu benutzen |b n |2 rdamedia | ||
| 338 | |a Band |b nc |2 rdacarrier | ||
| 600 | 3 | 7 | |a Stiller |c Familie : 19. Jh.- : Rawicz |0 (DE-588)1212943961 |0 (DE-603)466181906 |2 gnd |
| 648 | 7 | |a Geschichte 1831-2012 |2 gnd | |
| 650 | 7 | |a Genealogie |0 (DE-588)4020097-8 |0 (DE-603)085048054 |2 gnd | |
| 651 | 7 | |a De̜bno Polskie |g Rawicz |0 (DE-588)1212943678 |0 (DE-603)466181477 |2 gnd | |
| 773 | 0 | 8 | |i Enthalten in |t Archiv ostdeutscher Familienforscher |d Herne : Arbeitsgem. Ostdt. Familienforscher, 1952- |x 0003-9470 |g Band 24 (2016 [2017]), Seite 29-31 |w (DE-603)04747002X |w (DE-600)300116-7 |
| 924 | 0 | |9 2080 |a (DE-603)111377584X |b DE-2080 |c HES |d d |g / | |


